000 00973nam a22002657a 4500
003 OSt
005 20250821160315.0
007 ta
008 250821b |||||||| |||| 00| 0 sp d
040 _aCUNOROC
_bspa
_cCUNOROC
_dCUNOROC
041 _aspa
_dspa
_espa
_gspa
_hspa
082 _aT 22 22
100 1 0 _aMateo Lúcas, Candelaria.
_eAutora
_914828
245 1 0 _aFactores de riesgo para desarrollar lesión renal aguda en el paciente crítico./
_cCandelaria Mateo Lúcas./
_hDigital.--
260 _aHuehuetenango, Guatemala:
_bCUNOROC;
_cc2025.
300 _a52 páginas:
_bil;
_c21 cm.
650 _aLesión renal aguda
_913951
650 _aClasificación AKIN
_914829
650 _aHipertensión arterial
_914824
650 _aChoque séptico
_914830
650 _aVentilación mecánica
_914512
650 _aPuntuación de APACHE
_914831
856 _uhttps://drive.google.com/file/d/1p3CTKzEWGfWSdoQ2R-kt49pbH_DPfy4g/view?usp=sharing
_zDIGITAL
942 _2ddc
_cTESIS
_n0
999 _c6299
_d6299